[Event "AUT-ch U14"]
[Site "St Veit"]
[Date "2022.04.13"]
[Round "6"]
[White "Guba, Viktor"]
[Black "Stadlbauer, Maximilian"]
[Result "1-0"]
[WhiteElo "1619"]
[BlackElo "1450"]
[PlyCount "107"]
[EventDate "2022.04.10"]
[EventType "swiss"]
[EventRounds "7"]
[EventCountry "AUT"]
[SourceTitle "EXT 2023"]
[Source "ChessBase"]
[SourceDate "2022.10.05"]
[SourceVersion "1"]
[SourceVersionDate "2022.10.05"]
[SourceQuality "1"]

1. e4 e5 2. Nf3 Nc6 3. d4 exd4 4. Bc4 Nf6 5. e5 d5 6. Bb5 Ne4 7. Nxd4 Bd7 8. Bxc6 bxc6 9. 0-0 Bc5 10. f3 Ng5 11. f4 Ne6 12. Be3 0-0 13. c3 Nxd4 14. cxd4 Bb6 15. f5 Re8 16. Rf3 Rb8 17. b4 a5 18. Rf4 Rxe5 19. bxa5 Rxe3 20. axb6 cxb6 21. Nd2 Qg5 22. Qf1 Rbe8 23. Rf2 h6 24. Nf3 Qe7 25. Rb1 Rb8 26. Rfb2 Ra3 27. Ne5 f6 28. Nxd7 Qxd7 29. Rxb6 Rxb6 30. Rxb6 Rxa2 31. Rb8+ Kh7 32. Qf4 Ra1+ 33. Kf2 Qe7 34. Kg3 Qe1+ 35. Kh3 Ra3+ 36. g3 Qe2 37. Qg4 Qxg4+ 38. Kxg4 Ra4 39. Kh5 Rxd4 40. h4 Ra4 41. Rc8 Ra6 42. g4 d4 43. Rc7 d3 44. Rd7 Ra3 45. g5 hxg5 46. hxg5 fxg5 47. f6 Kg8 48. Kg6 Ra8 49. Rxg7+ Kf8 50. Rh7 Kg8 51. f7+ Kf8 52. Rh8+ Ke7 53. Rxa8 d2 54. f8Q+ 1-0

[Event "Styrian op U14/18 27th"]
[Site "Mureck"]
[Date "2021.08.05"]
[Round "2"]
[White "Stadlbauer, Maximilian"]
[Black "Weichhart, Daniel"]
[Result "0-1"]
[WhiteElo "1505"]
[BlackElo "1770"]
[PlyCount "66"]
[EventDate "2021.08.04"]
[EventType "swiss"]
[EventRounds "9"]
[EventCountry "AUT"]
[SourceTitle "EXT 2022"]
[Source "ChessBase"]
[SourceDate "2021.10.06"]
[SourceVersion "1"]
[SourceVersionDate "2021.10.06"]
[SourceQuality "1"]

1. d4 d5 2. Bf4 c5 3. e3 Nc6 4. Nf3 Nf6 5. Nc3 Bg4 6. Be2 e6 7. h3 Bh5 8. 0-0 Be7 9. Rc1 0-0 10. Ne5 Bxe2 11. Nxe2 cxd4 12. Nxd4 Qb6 13. Ndxc6 bxc6 14. Rb1 c5 15. Nf3 c4 16. Nd4 Bd6 17. Bxd6 Qxd6 18. c3 Qa6 19. a3 Rab8 20. Re1 Ne4 21. Nf3 Rb6 22. Ne5 Qb7 23. f3 Nc5 24. Re2 Rb8 25. Rd2 Qc7 26. Ng4 Nd3 27. Qa4 h5 28. Nf2 Qc5 29. Qxa7 Qxe3 30. Rc2 R8b7 31. Qa8+ Kh7 32. Kf1 Rxb2 33. Rbxb2 Qe1# 0-1

[Event "AUT-ch U12 Online Rapid"]
[Site "Playchess.com INT"]
[Date "2020.12.13"]
[Round "5"]
[White "Edlbauer, Mario"]
[Black "Stadlbauer, Maximilian"]
[Result "0-1"]
[WhiteElo "1524"]
[BlackElo "1681"]
[PlyCount "114"]
[EventDate "2020.12.13"]
[EventType "swiss (rapid)"]
[EventRounds "7"]
[EventCountry "AUT"]
[SourceTitle "EXT 2022"]
[Source "ChessBase"]
[SourceDate "2021.10.06"]
[SourceVersion "1"]
[SourceVersionDate "2021.10.06"]
[SourceQuality "1"]

1. d4 d5 2. Nc3 Bf5 3. Bf4 Nf6 4. Nf3 c6 5. e3 e6 6. Bd3 Bxd3 7. Qxd3 Bd6 8. Bxd6 Qxd6 9. Ne5 Nbd7 10. Nxd7 Qxd7 11. Na4 0-0 12. Nc5 Qc7 13. 0-0-0 Nd7 14. Nxd7 Qxd7 15. h4 Rac8 16. Kb1 Rc7 17. h5 h6 18. g4 f6 19. f4 b6 20. g5 c5 21. gxh6 gxh6 22. Rdg1+ Kh8 23. Qg6 Qh7 24. Qxh7+ Kxh7 25. Rg6 Rg7 26. Rxg7+ Kxg7 27. Rg1+ Kh7 28. c3 Rg8 29. Rxg8 Kxg8 30. dxc5 bxc5 31. Kc2 Kf7 32. Kb3 Ke7 33. c4 Kd6 34. cxd5 exd5 35. Kc3 f5 36. a4 Kc6 37. b4 c4 38. Kd4 a6 39. Kc3 Kb6 40. Kd4 a5 41. bxa5+ Kxa5 42. e4 dxe4 43. Kxc4 Kxa4 44. Kd4 Kb4 45. Ke3 Kc3 46. Ke2 Kd4 47. Kf2 Kd3 48. Kf1 Kd2 49. Kf2 e3+ 50. Kf3 e2 51. Kg2 e1Q 52. Kf3 Qe3+ 53. Kg2 Qxf4 54. Kh3 Qg4+ 55. Kh2 Ke2 56. Kh1 Kf2 57. Kh2 Qh4# 0-1

[Event "AUT-ch U12 Online Rapid"]
[Site "Playchess.com INT"]
[Date "2020.12.13"]
[Round "3"]
[White "Roehrer, Moritz"]
[Black "Stadlbauer, Maximilian"]
[Result "0-1"]
[WhiteElo "1538"]
[BlackElo "1619"]
[PlyCount "42"]
[EventDate "2020.12.13"]
[EventType "swiss (rapid)"]
[EventRounds "7"]
[EventCountry "AUT"]
[SourceTitle "EXT 2022"]
[Source "ChessBase"]
[SourceDate "2021.10.06"]
[SourceVersion "1"]
[SourceVersionDate "2021.10.06"]
[SourceQuality "1"]

1. e4 e5 2. Nf3 Nc6 3. Bb5 a6 4. Ba4 b5 5. Bb3 Nf6 6. 0-0 Bc5 7. d3 d6 8. c3 h6 9. d4 exd4 10. cxd4 Bb6 11. Nc3 0-0 12. a3 Na5 13. Bc2 Nc6 14. Qd3 Re8 15. Re1 Bg4 16. e5 dxe5 17. dxe5 Qxd3 18. Bxd3 Bxf3 19. gxf3 Nxe5 20. Be4 Nxe4 21. Rxe4 Nxf3+ 0-1

[Event "AUT-ch U12 Online Blitz"]
[Site "Playchess.com INT"]
[Date "2020.12.11"]
[Round "2"]
[White "Kienboeck, Samuel"]
[Black "Stadlbauer, Maximilian"]
[Result "1-0"]
[WhiteElo "1561"]
[BlackElo "1660"]
[PlyCount "115"]
[EventDate "2020.12.11"]
[EventType "swiss (blitz)"]
[EventRounds "7"]
[EventCountry "AUT"]
[SourceTitle "EXT 2022"]
[Source "ChessBase"]
[SourceDate "2021.10.06"]
[SourceVersion "1"]
[SourceVersionDate "2021.10.06"]
[SourceQuality "1"]

1. e4 e5 2. Nf3 Nc6 3. d4 exd4 4. Nxd4 Nxd4 5. Qxd4 d6 6. Nc3 Nf6 7. Bg5 Be7 8. e5 dxe5 9. Qxe5 h6 10. Bxf6 gxf6 11. Qe3 0-0 12. Bd3 Re8 13. 0-0-0 Bf8 14. Bh7+ Kxh7 15. Rxd8 Rxe3 16. fxe3 Bd6 17. Ne4 Be7 18. Re8 Bd6 19. Nxd6 cxd6 20. Rf1 f5 21. e4 fxe4 22. Rxf7+ Kg6 23. Rff8 a5 24. Rxc8 Ra6 25. Rg8+ Kf7 26. Rcf8+ Ke7 27. Re8+ Kf7 28. Kd2 Rb6 29. b3 d5 30. Ke3 a4 31. Rgf8+ Kg7 32. Rf5 Rb5 33. Rd8 d4+ 34. Kxe4 Rb6 35. Rxd4 Re6+ 36. Re5 Rf6 37. Rxa4 Rc6 38. c4 Rg6 39. c5 Rxg2 40. Re7+ Kf6 41. Rxb7 Re2+ 42. Kd3 Rxh2 43. c6 Rh3+ 44. Kc4 Rh4+ 45. Kc5 Rh5+ 46. Kd6 Rh2 47. c7 Rd2+ 48. Kc6 Rc2+ 49. Kd7 Rd2+ 50. Kc8 Ke7 51. Kb8 Rc2 52. c8Q+ Kd6 53. Ra6+ Kd5 54. Rb5+ Ke4 55. Qxc2+ Ke3 56. Re6+ Kd4 57. Rc5 h5 58. Qc3# 1-0

[Event "AUT-ch U12"]
[Site "St Veit"]
[Date "2019.06.10"]
[Round "6.13"]
[White "Stadlbauer, Maximilian"]
[Black "Hoerfarter, Alexander"]
[Result "1-0"]
[WhiteElo "1444"]
[BlackElo "1256"]
[PlyCount "131"]
[EventDate "2019.06.08"]
[EventType "swiss"]
[EventRounds "7"]
[EventCountry "AUT"]
[SourceTitle "EXT 2024"]
[Source "ChessBase"]
[SourceDate "2023.10.10"]
[SourceVersion "1"]
[SourceVersionDate "2023.10.10"]
[SourceQuality "1"]

1. e4 e5 2. Nf3 Nc6 3. Bc4 Bc5 4. Nc3 Nf6 5. d3 d6 6. Bg5 h6 7. Bxf6 Qxf6 8. Nd5 Qd8 9. c3 Na5 10. Qa4+ Nc6 11. b4 Bb6 12. Nxb6 cxb6 13. Bd5 Qc7 14. 0-0 Bd7 15. Qb3 0-0 16. Nh4 Ne7 17. Rfc1 Bc6 18. Bxc6 bxc6 19. Qd1 Qd7 20. g3 Qe6 21. Ng2 Rfd8 22. f4 d5 23. f5 Qf6 24. Qf3 d4 25. c4 c5 26. bxc5 bxc5 27. Rcb1 Rdb8 28. Qd1 Nc6 29. Ne1 Rb6 30. Rxb6 axb6 31. Qb3 Nb4 32. a3 Na6 33. Rb1 Rb8 34. Qb5 Nc7 35. Qd7 Qd8 36. Qxd8+ Rxd8 37. Rxb6 Ra8 38. Nc2 Kf8 39. Kf1 Ke8 40. Ke1 Kd8 41. Kd1 Kc8 42. Kc1 Ra6 43. Rxa6 Nxa6 44. Kd2 Kd7 45. Na1 g6 46. g4 g5 47. Nb3 Kc6 48. Ke2 f6 49. Kf2 Kb6 50. Kg3 Nb8 51. Kf2 Nc6 52. Ke2 Na5 53. Nc1 Nc6 54. Kd2 Na5 55. Kc2 Nc6 56. Kb3 Ka5 57. Ne2 Ne7 58. Ng3 Ng8 59. Nh5 Kb6 60. Ng7 Ne7 61. Ne8 Ng8 62. Ka4 Ka6 63. Nc7+ Kb6 64. Nd5+ Ka6 65. h3 Kb7 66. Kb5 1-0

[Event "AUT-ch U12"]
[Site "St Veit"]
[Date "2019.06.08"]
[Round "1.4"]
[White "Borrmann, Laurenz"]
[Black "Stadlbauer, Maximilian"]
[Result "1-0"]
[WhiteElo "1700"]
[BlackElo "1444"]
[PlyCount "38"]
[EventDate "2019.06.08"]
[EventType "swiss"]
[EventRounds "7"]
[EventCountry "AUT"]
[SourceTitle "EXT 2024"]
[Source "ChessBase"]
[SourceDate "2023.10.10"]
[SourceVersion "1"]
[SourceVersionDate "2023.10.10"]
[SourceQuality "1"]

1. e4 c5 2. Nf3 d6 3. d4 cxd4 4. Nxd4 Nf6 5. Nc3 g6 6. Be3 Bg7 7. f3 Bd7 8. Qd2 0-0 9. Bc4 Nc6 10. 0-0-0 a6 11. h4 Na5 12. Bb3 Nxb3+ 13. Nxb3 Bc6 14. h5 Nxh5 15. g4 Nf6 16. Bh6 Qd7 17. Bxg7 Kxg7 18. Qh6+ Kg8 19. e5 Qc7 1-0

[Event "AUT-ch U10"]
[Site "St Kanzian"]
[Date "2018.06.02"]
[Round "5.9"]
[White "Stadlbauer, Maximilian"]
[Black "Feiertag, Jonas"]
[Result "0-1"]
[WhiteElo "1175"]
[BlackElo "1074"]
[PlyCount "120"]
[EventDate "2018.06.01"]
[EventType "swiss"]
[EventRounds "7"]
[EventCountry "AUT"]
[SourceTitle "EXT 2024"]
[Source "ChessBase"]
[SourceDate "2023.10.10"]
[SourceVersion "1"]
[SourceVersionDate "2023.10.10"]
[SourceQuality "1"]

1. d4 d5 2. Bf4 Nc6 3. Nc3 Nf6 4. Nb5 e5 5. dxe5 Nh5 6. Bg3 Be6 7. Nf3 Nxg3 8. hxg3 a6 9. Nbd4 Nxd4 10. Nxd4 Bc5 11. c3 Qd7 12. e3 0-0-0 13. Nb3 Bb6 14. Bd3 h6 15. Be2 Rhe8 16. Nd4 Kb8 17. Nxe6 fxe6 18. Bh5 Rf8 19. Qd3 c5 20. Qg6 d4 21. Rd1 d3 22. Be2 c4 23. b3 Ba5 24. b4 Bb6 25. Qe4 Qd5 26. Qxd5 Rxd5 27. Bf3 Rxe5 28. Rd2 Rff5 29. Rh4 Rf7 30. Rxc4 Rd7 31. Re4 Bc7 32. Rxe5 Bxe5 33. Be4 Bxc3 34. a3 Bxd2+ 35. Kxd2 Kc7 36. Bxd3 Kc6 37. Kc3 e5 38. f4 Re7 39. Be4+ Kb6 40. f5 Rc7+ 41. Kb3 Rc1 42. Bf3 Re1 43. e4 Re3+ 44. Ka4 Kc6 45. b5+ Kc5 46. bxa6 bxa6 47. g4 a5 48. Bd1 Kb6 49. Bf3 Rd3 50. Be2 Rd4+ 51. Kb3 Rxe4 52. Bf3 Re3+ 53. Kb2 Rd3 54. Ka2 Kc5 55. Be4 Kd4 56. Bxd3 Kxd3 57. Kb3 e4 58. Ka4 e3 59. Kxa5 e2 60. a4 e1Q+ 0-1